| 000 | 01283nmm a2200337 a 4500 | ||
|---|---|---|---|
| 999 |
_c7647 _d7647 |
||
| 001 | 991036381089706706 | ||
| 003 | OSt | ||
| 005 | 20220217142805.0 | ||
| 007 | cr ||||||||||| | ||
| 008 | 150804c20159999spc f | 000 0 cat|c | ||
| 035 | _a(ES-BaCBU).b68952387 | ||
| 040 |
_aES-BaCBU _bcat _cCDMR |
||
| 043 |
_ae-sp--- _be-spc-- _2catmarc |
||
| 245 | 0 | 0 |
_aButlletí d'informació sobre l'audiovisual a Catalunya (BIAC) _h[Recurs electrònic] |
| 260 |
_a[Barcelona] : _bConsell Audiovisual de Catalunya, _c2015- |
||
| 300 | _a1 recurs electrònic | ||
| 310 | _aQuadrimestral | ||
| 362 | 0 | _aNúm.1 (maig 2015)- | |
| 500 | _aTítol obtingut de la pantalla inicial | ||
| 538 | _aRecurs electrònic en format PDF | ||
| 650 | 7 |
_aIndústria audiovisual _zCatalunya. _xRevistes electròniques _2lemac |
|
| 650 | 7 |
_aIndústria de la televisió _zCatalunya. _2lemac |
|
| 650 | 7 |
_aInternet _zCatalunya. _2lemac |
|
| 650 | 7 |
_aPublicitat _zCatalunya. _2lemac |
|
| 650 | 7 |
_aRàdio _zCatalunya. _2lemac |
|
| 710 | 2 | _aConsell de l'Audiovisual de Catalunya. | |
| 856 | 4 |
_zAccés lliure _uhttps://www.cac.cat/acords-recerca/biac-%28-informes-del-sector-quadrimestrals-%29 |
|
| 907 |
_a.b68952387 _b21-06-21 _c05-04-17 _d05-04-17 _em _fm _g- _hcat _ispc _j0 _k1 |
||
| 908 | _aGCCult | ||
| 942 |
_2udc _cSER-E |
||